000
00346nam a2200157Ia 4500
100
_a
Kale/Latif/ M.Ahmed
250
_a
7
942
_c
BK
654
_a
Management
245
_a
Industrial Organisation & Management
260
_b
Chetana Prakashan
_a
New york
_c
1991
082
_a
658
_b
KAL
300
_a
500
546
_a
ENGLISH
999
_c
20613
_d
20613